Image interpretation in geology / (Record no. 7601)
[ view plain ]
| 000 -LEADER | |
|---|---|
| fixed length control field | 00449cam a2200181ua 4500 |
| 041 ## - LANGUAGE CODE | |
| Language code of text/sound track or separate title | eng |
| 082 ## - DEWEY DECIMAL CLASSIFICATION NUMBER | |
| Classification number | 550.28 |
| Item number | DRU/IM |
| 100 ## - MAIN ENTRY--AUTHOR NAME | |
| Personal name | Drury, S.A . |
| 245 ## - TITLE STATEMENT | |
| Title | Image interpretation in geology / |
| 260 ## - PUBLICATION, DISTRIBUTION, ETC. (IMPRINT) | |
| Place of publication | London : |
| Name of publisher | Allen & Unwin (Publishers) LTd. , |
| Year of publication | 1987. |
| 300 ## - PHYSICAL DESCRIPTION | |
| Number of Pages | 243 ; . |
| 500 ## - GENERAL NOTE | |
| General note | *CSS |
| 942 ## - ADDED ENTRY ELEMENTS (KOHA) | |
| Koha item type | Books |
| Withdrawn status | Lost status | Damaged status | Home library | Current library | Shelving location | Date acquired | Full call number | Accession Number | Koha item type |
|---|---|---|---|---|---|---|---|---|---|
| KAUAET | KAUAET | Scheme | 31/08/2018 | 550.28 DRU/IM | 18497 | Books |
